• 首页
  • 本馆介绍
  • 公告通知
  • 最新文献
  • 馆藏检索
  • 电子资源
  • 读者荐购
  • 参考咨询
  • CALIS
  • 我的图书馆
  • 登录
  • 详细信息显示
  • 放入我的书架
  • 预约/预借图书
  • 作者相关作品
  • 分类相关作品
  • 丛书相关作品
  • 出版社相关作品

书目信息

  • 表格格式
  • 工作单格式
  • 卡片格式
题名:
数字图书馆企业化运营实务操作
    
 
作者: 常友寅 主编
分册:  
出版信息: 北京   北京图书馆出版社  2004.12
页数: 311页
开本: 21cm
丛书名:
单 册:
中图分类: G250.76
科图分类:
主题词: 数字图书馆--经济管理
电子资源:
ISBN: 7-5013-2615-0
 
 
 
 
 
000 00878nam0 2200229 450
001 0141682172
005 20050926103743.84
010    @a7-5013-2615-0@dCNY25.00
100    @a20050416d2004 km y0chiy0120 ea
101 0  @achi
102    @aCN@b110000
105    @ay a 000yy
200 1  @a数字图书馆企业化运营实务操作@Ashu zi tu shu guan qi ye hua yun ying shi wu cao zuo@f常友寅主编@Fchang you yin zhu bian
210    @a北京@c北京图书馆出版社@d2004.12
215    @a311页@d21cm
320    @a有书目 (第308-311页)。
330    @a本书对在市场经济条件下如何按照现代企业模式对数字图书馆进行改制,构建在决策权、指挥权和监督权三权分立的权责分明、相互制衡、运作合理、管理科学的现代企业法人治理结构进行了较深入地研究。
606 0  @a数字图书馆@x经济管理
690    @aG250.76@v4
701  0 @a常友寅@Achang you yin@4主编
801  0 @aCN@bQSSK@c20050926
905    @a10447@dG250.76@eC304
    
    数字图书馆企业化运营实务操作/常友寅主编.-北京:北京图书馆出版社,2004.12
    311页;21cm
    
    
    ISBN 7-5013-2615-0:CNY25.00
    本书对在市场经济条件下如何按照现代企业模式对数字图书馆进行改制,构建在决策权、指挥权和监督权三权分立的权责分明、相互制衡、运作合理、管理科学的现代企业法人治理结构进行了较深入地研究。
●
相关链接 在E读中查询图书 在当当中查询图书 在豆瓣中查询图书


正题名:数字图书馆企业化运营实务操作     索取号:G250.76/C304         预约/预借

序号 登录号 条形码 馆藏地/架位号 状态 备注
1 527565   205275655   社科库409/409社科库 59排1列4层/ [索取号:G250.76/C304] 在馆    
2 527566   205275664   社科库409/409社科库 59排1列4层/ [索取号:G250.76/C304] 在馆    
河南城建学院图书馆 欢迎您!
大连网信软件有限公司© 版权所有